Tribhuvan University Central Library

The effect of IAA, 2, 4-D and kinetin in the vitra morphoganasis of pisum; sativum (Record no. 6761)

MARC details
000 -LEADER
fixed length control field 006770000a22002770004500
003 - CONTROL NUMBER IDENTIFIER
control field CKJ
005 - DATE AND TIME OF LATEST TRANSACTION
control field 20120907075327.0
082 ## - DEWEY DECIMAL CLASSIFICATION NUMBER
Classification number 581.33
Item number K18e
-- D
041 ## - LANGUAGE CODE
Language code of text/sound track or separate title Eng
100 ## - MAIN ENTRY--PERSONAL NAME
Personal name Kayasta, Bandana
245 ## - TITLE STATEMENT
Title The effect of IAA, 2, 4-D and kinetin in the vitra morphoganasis of pisum; sativum
260 ## - PUBLICATION, DISTRIBUTION, ETC. (IMPRINT)
Place of publication, distribution, etc Kathmandu, Nepal
260 ## - PUBLICATION, DISTRIBUTION, ETC. (IMPRINT)
Date of publication, distribution, etc 1980
300 ## - PHYSICAL DESCRIPTION
Extent 53p.
500 ## - GENERAL NOTE
General note Bibliography: p. 39-53
518 ## - DATE/TIME AND PLACE OF AN EVENT NOTE
Date/time and place of an event note 940902
530 ## - ADDITIONAL PHYSICAL FORM AVAILABLE NOTE
Additional physical form available note Dis
502 ## - DISSERTATION NOTE
Dissertation note Dissertation
-- Degree in Botany, Tribhuvan University
650 ## - SUBJECT ADDED ENTRY--TOPICAL TERM
Topical term or geographic name as entry element Botany
650 ## - SUBJECT ADDED ENTRY--TOPICAL TERM
Topical term or geographic name as entry element Pisusm sativum
650 ## - SUBJECT ADDED ENTRY--TOPICAL TERM
Topical term or geographic name as entry element Plant morphology
650 ## - SUBJECT ADDED ENTRY--TOPICAL TERM
Topical term or geographic name as entry element Theses
651 ## - SUBJECT ADDED ENTRY--GEOGRAPHIC NAME
Geographic name Nepal
942 ## - ADDED ENTRY ELEMENTS (KOHA)
Koha item type General Collections
Holdings
Withdrawn status Lost status Damaged status Not for loan Home library Current library Date acquired Total Checkouts Barcode Date last seen Price effective from
        Tribhuvan University Central Library Tribhuvan University Central Library 06/20/2010   D918 06/20/2010 06/20/2010